Govt. of
Madhya Pradesh

Paradigms In Indian History (Record no. 49782)

MARC details
000 -LEADER
fixed length control field 00380nam a22001577a 4500
003 - CONTROL NUMBER IDENTIFIER
control field MACL
005 - DATE AND TIME OF LATEST TRANSACTION
control field 20150602163412.0
008 - FIXED-LENGTH DATA ELEMENTS--GENERAL INFORMATION
fixed length control field MACL
040 ## - CATALOGING SOURCE
Transcribing agency MACL
082 ## - DEWEY DECIMAL CLASSIFICATION NUMBER
Classification number 954/VAI
100 ## - MAIN ENTRY--PERSONAL NAME
Personal name Vaikuntham,Prof.Y.
9 (RLIN) 124
245 ## - TITLE STATEMENT
Title Paradigms In Indian History
260 ## - PUBLICATION, DISTRIBUTION, ETC. (IMPRINT)
Place of publication, distribution, etc. Hyderabad
Name of publisher, distributor, etc. Felicitation Committee
Date of publication, distribution, etc. 2004
650 ## - SUBJECT ADDED ENTRY--TOPICAL TERM
Topical term or geographic name as entry element History
9 (RLIN) 8
942 ## - ADDED ENTRY ELEMENTS (KOHA)
Source of classification or shelving scheme
Koha item type Books
Classification part 954/VAI
Call number prefix 954/VAI
Holdings
Withdrawn status Lost status Source of classification or shelving scheme Damaged status Not for loan Home library Current library Date acquired Cost, normal purchase price Total Checkouts Full call number Barcode Date last seen Price effective from Koha item type
          MACL MACL 27/10/2015 500.00   954/VAI CRE025218 02/05/2024 02/06/2015 Books